Tamil Film by Picture #3 (Kollywood) - Statistics

General Stats
  • This quiz has been taken 111 times
  • The average score is 11 of 20
Answer Stats
Picture Answer % Correct
Dude
90%
Baasha
77%
Coolie
77%
Madharaasi
77%
Thug Life
77%
Anbe Sivam
65%
Alaipayuthey
63%
Meiyazhagan
60%
Bombay
54%
Mudhalvan
52%
Soorarai Pottru
52%
Indian
49%
Nayakan
49%
Pithamagan
47%
Aayirathil Oruvan
45%
Pudhupettai
41%
Ratsasan
38%
Rhythm
33%
Vaazhai
20%
Maargan
16%
No matching quizzes found
Score Distribution
Percent of People with Each Score
Percentile by Number Answered
Your Score History
You have not taken this quiz